Čo je to in-house a ako sa dá využiť v samospráve?

Pojem in-house v zmysle judikatúry Súdneho dvora EÚ smernice o verejnou obstarávaní. Vzájomné vzťahy medzi verejným obstarávaním a iným subjektom. Horizontálny a vertikálny in-house.

Saved in:
Bibliographic Details
Main Author: Tkáč, Juraj
Format: Book Chapter
Language:Slovak
Subjects:
Tags: Add Tag
No Tags, Be the first to tag this record!

MARC

LEADER 00000naa a2200000 4500
001 0216412
005 20221019173914.2
041 0 |a slo 
044 |a SK 
245 1 0 |a Čo je to in-house a ako sa dá využiť v samospráve?  |c Juraj Tkáč 
520 |a Pojem in-house v zmysle judikatúry Súdneho dvora EÚ smernice o verejnou obstarávaní. Vzájomné vzťahy medzi verejným obstarávaním a iným subjektom. Horizontálny a vertikálny in-house. 
610 2 0 |a obce 
610 2 0 |a obstarávanie verejné 
610 2 0 |a Slovensko 
610 2 0 |a samospráva 
100 1 |a Tkáč, Juraj